La poesía de Vicente Huidobro
Saved in:
| Main Author: | |
|---|---|
| Format: | Book |
| Language: | Spanish |
| Published: |
Santiago
Ediciones Nueva Universidad
1974
|
| Series: | Colección Universidad y Letras
|
| Subjects: | |
| Tags: |
Add Tag
No Tags, Be the first to tag this record!
|
MARC
| LEADER | 00000nam a2200000 a 4500 | ||
|---|---|---|---|
| 001 | UCT2510 | ||
| 003 | CL-VaPUC | ||
| 005 | 20220419122022.0 | ||
| 008 | 961011e19740000CL |||||||||||||||||spa|d | ||
| 999 | |c 252576 |d 252574 | ||
| 040 | |c Pontificia Universidad Católica de Valparaíso | ||
| 082 | 0 | 4 | |a Ch861.09 |b GOI |2 21 |
| 100 | |a Goic, Cedomil |e author |9 570265 | ||
| 245 | 1 | 3 | |a La poesía de Vicente Huidobro |
| 260 | |a Santiago |b Ediciones Nueva Universidad |c 1974 | ||
| 300 | |a 283 p | ||
| 490 | 0 | |a Colección Universidad y Letras | |
| 583 | |a last modification |c 19961011 00:00:00 |k Rodrigo Vera | ||
| 600 | 0 | |a García-Huidobro Fernández, Vicente, |d 1893-1948 |9 858153 | |
| 650 | 0 | |a Poesía chilena |9 268403 | |
| 650 | 0 | |a Historia y crítica |9 257407 | |
| 650 | 0 | |a Crítica literaria |9 269189 | |
| 852 | |a BIBCUR | ||
| 942 | |c BK |2 ddc | ||
| 945 | |d 19961011 00:00:00 |a rleighto | ||
| 952 | |0 0 |1 0 |4 0 |6 CH_861_090000000000000_GOI_1974 |7 0 |8 A |9 272501 |a BIBEDU |b BIBEDU |d 2019-11-19 |i 3239772 |o Ch861.09 GOI 1974 |p 3239772 |r 2019-11-19 |w 2019-11-19 |y BK |k LIT | ||